Affrontez l'Alphabet #12 - Statistiques

Statistiques générales
  • Ce quiz a été pris 122 fois
  • Le résultat moyen est 5 sur 11
Statistiques - réponses
Hint Réponse % Correct
Donne les 2 lettres manquantes dans le nom de ce tableau de Sandro Botticelli (1485) : La Naissance de Vén_ _
US
100%
Donne les 2 lettres manquantes qui complètent le début de la chanson "La vie ne m'apprend rien" de Daniel Balavoine : Qui ose dire qu'il peut m'apprendre les sentiments Ou me montrer ce qu'il faut faire pour être gr_n_ AD
91%
Donne les 2 lettres qui complètent le nom des tranches de poisson frais consommé cru de la cuisine japonaise : Sas_i_i HM
91%
Donne les 2 lettres manquantes dans le nom de ce genre d'arbres à feuilles caduques de la famille des Altingiacées : _iquidam_ar
LB
48%
Donne les 2 lettres manquantes du nom du café fictif de la série télévisée Friends, situé dans le quartier de Greenwich Village à New York : Central Pe_ _ RK
42%
Donne les 2 lettres manquantes du nom de ce basketteur : Allen Ivers_ _
ON
40%
Donne les 2 lettres qui complètent le nom de cette espèce de petits poissons d'eau douce : _ou_on
GJ
28%
Donne les 2 lettres qui complètent le nom du fonctionnaire de haut rang, ayant un rôle de conseiller ou de ministre auprès des dirigeants musulmans : _ i_ir VZ
23%
Donne les 2 lettres qui complètent le nom de la déesse de la Lune, de la magie, des carrefours et des limites dans la mythologie grecque : Héca_ _
TE
20%
Donne les 2 lettres manquantes dans le nom du personnage interprété par Kate Winslet dans Titanic (1997) : Rose De_ _tt Bukater
WI
16%
Dernière Question : Donne la lettre manquante dans le nom de la région de Finlande en rouge ci-dessous : _irkanmaa
P
13%
Aucun quiz correspondant
Distribution des résultats
% des personnes avec chaque résultat
Percentile par nombre de réponses
Votre historique - résultats
Vous n’avez pas pris ce quiz